Coldplay - Most streamed songs - Statistics

General Stats
  • This quiz has been taken 64 times
  • The average score is 9 of 20
Answer Stats
Release year Streams Song Title % Correct
2000 3,208,024,889 Yellow
96%
2008 2,910,150,340 Viva La Vida
82%
2017 3,228,900,667 Something Just Like This
71%
2002 2,483,714,449 The Scientist
71%
2014 2,069,570,556 A Sky Full of Stars
67%
2005 1,867,305,971 Fix You
67%
2002 1,270,570,296 Clocks
56%
2011 1,645,367,067 Paradise
56%
2015 1,757,593,313 Hymn for the Weekend
49%
2021 1,491,589,902 My Universe
49%
2000 1,535,660,036 Sparks
47%
2015 1,337,852,221 Adventure of a Lifetime
44%
2021 421,131,299 Higher Power
29%
2002 440,586,803 In My Place
29%
2014 771,426,001 Magic
29%
2005 364,532,987 Speed of Sound
27%
2000 440,724,338 Trouble
24%
2011 363,430,719 Every Teardrop is a Waterfall
22%
2010 368,156,746 Christmas Lights
16%
2016 339,781,673 Everglow
13%
No matching quizzes found
Score Distribution
Percent of People with Each Score
Percentile by Number Answered
Your Score History
You have not taken this quiz